Prácticas y estilos de vida de los y las jóvenes del siglo XXI

Spremljeno u:
Bibliografski detalji
Autori kompanije: INJUV (Autor), Instituto Nacional de la Juventud (Autor)
Format: Knjiga
Jezik:španjolski
Izdano: Santiago INJUV 2005
Izdanje:1a. ed
Serija:Estudios del INJUV, 3
Teme:
Oznake: Dodaj oznaku
Bez oznaka, Budi prvi tko označuje ovaj zapis!

MARC

LEADER 00000cam a2200000 a 4500
001 UCK9182
003 CL-VaPUC
008 060421e20050000CL |||||||||||||||||spa|d
082 0 4 |a 305.235  |b INJ  |2 21 
110 2 |a INJUV  |e author  |9 498908 
710 2 |a Instituto Nacional de la Juventud  |e author  |9 498909 
245 1 0 |a Prácticas y estilos de vida de los y las jóvenes del siglo XXI 
250 |a 1a. ed 
300 |a 266 p 
942 |c BK 
945 |d 20060421 00:00:00  |a cmena 
260 |a Santiago  |b INJUV  |c 2005 
650 0 |a Juventud  |9 271073 
650 0 |a Desarrollo cultural  |9 267526 
650 0 |a Antropología cultural y social   |9 265143 
650 0 |a Cambio social   |9 256857 
651 7 |a CHILE  |2 CL-VaPUC  |9 498910 
583 |a last modification  |c 20170529 09:16:24  |k Rodrigo Vera 
490 0 |a Estudios del INJUV, 3 
999 |c 316458  |d 316456 
952 |0 0  |1 0  |4 0  |6 305_235000000000000_INJ_2005  |7 0  |8 A  |9 390844  |a BIBGIM  |b BIBGIM  |d 2019-11-22  |i 4203836  |o 305.235 INJ 2005  |p 4203836  |r 2025-01-15  |w 2019-11-22  |y BK  |k GIM 
952 |0 0  |1 0  |4 0  |6 305_235000000000000_INJ_2005  |7 0  |8 A  |9 390845  |a BIBDER  |b BIBDER  |d 2019-11-22  |i 4216768  |o 305.235 INJ 2005  |p 4216768  |r 2023-01-25  |w 2019-11-22  |y BK  |k DER 
952 |0 0  |1 0  |4 0  |6 305_235000000000000_INJ_2005  |7 0  |8 A  |9 390846  |a BIBGIM  |b BIBGIM  |d 2019-11-22  |i 4323157  |o 305.235 INJ 2005  |p 4323157  |r 2025-01-15  |w 2019-11-22  |y BK  |k SSL 
952 |0 0  |1 0  |4 0  |6 305_235000000000000_INJ_2005  |7 0  |8 A  |9 390847  |a BIBGIM  |b BIBGIM  |d 2019-11-22  |i 4323165  |o 305.235 INJ 2005  |p 4323165  |r 2025-01-15  |w 2019-11-22  |y BK  |k SSL